000 00600nam a2200205Ia 4500
003 GCL
008 140319s9999 xx 000 0 ara d
040 _aGCL /
_cGCL
082 0 4 _a809.917
_bا ك
100 1 _aابراهيم فتحى
245 1 0 _aكوميديا الحكم الشمولى /
_cابراهيم فتحى
260 _a[S.N] :
_bالهيئة المصرية العامة للكتاب ،
_c1991
300 _a133 ص
490 _a
650 0 4 _aالادب العربى
650 0 4 _aالسخرية
650 0 4 _aالملهاة
650 0 4 _aتاريخ ونقد
942 _2ddc
_cBK
999 _c30684
_d30684